000 02612nkm0a2200469 4500
001 RU\NLR\BIBL_A\022580949
005 20260126214615.0
035 _a(NLR Aleph) 022580949
090 _a89006
_c89006
100 _a20250707d1943 u y0rusy50 ca
101 0 _arus
102 _aRU
116 _aiiycxx bf ad
135 _acrcn 024anaba
181 0 _ab4
_bxb2e
182 0 _an
200 1 _aУязвимые и поражаемые места немецкого танка Т-VI "Тигр"
_e[плакат]
_fавтор инженер-майор Н. Горюшин
_gредактор генерал-майор танковых войск М. Сафир
203 _aИзображение
_bнеподвижное
_bдвухмерное
_bвизуальное
_cнепосредственное
210 _aМосква
_cВоенное издательство Народного коммисариата обороны
_d1943
_eМосква
_gТипография "Красный пролетарий"
215 _a1 л. (8 изобр.)
_cхромолитогр.
_d58х84
300 _aВ вып. данных: Г 110747. Воениздат И-123; Подписано к печати 20/VII 1943 г.; Заказ 1321
325 _aКопия доступна в Электрон. б-ке РНБ
606 1 _aПлакат инструктивный
_2nlr_sh2
_3RU\NLR\AUTH\6601761657
606 1 _aВеликая Отечественная война
_z1941 - 1945
_jПлакаты
_2nlr_sh1
_2nlr_sh2
_3RU\NLR\AUTH\668893
606 1 _aТанки "Тигр VI"
_xБорьба с ними
_jПлакаты
_2nlr_sh1
_3RU\NLR\AUTH\661103068
686 _aЩ150.466
702 1 _aГорюшин
_bН.
_4570
712 0 2 _aВоениздат
_cМосква
_3RU\NLR\AUTH\8810147525
_4650
712 0 2 _a"Красный пролетарий", типография
_cМосква
_3RU\NLR\AUTH\8810047271
_4610
852 0 0 _aNLR
_bЭ
_jНпВо705/6-4
_mЭ033843
856 0 _uhttps://vivaldi.nlr.ru/la000071007/view
856 1 _uhttps://vivaldi.nlr.ru/la000071007/cover
856 2 _uhttps://vivaldi.nlr.ru/la000071007/text
901 _eИзографические материалы
942 _cVISUAL
945 _aРоссийская национальная библиотека
980 _aBV
980 _aNB
981 1 7 _a(17) Изографические материалы
_b(17) Плакаты